00504nam a22001572 4500001001100000005001700011008004100028020002600069040001500095100003300110245004500143260004800188300002100236650004900257650004000306000000717520151217152025.0071126s xx 000 0 eng d a812032238x :cKES 760 aKABUcKABU1 aSchiesser, Rich.@000015826210aIT Systems management /cRich Schiesser. aNew Delhi :bPrentice-Hall of India,c2002. axxxviii, 487 p. 0aInformation resource management.@0000156075 0aInformation technology.@0000150287